Countries with Most Native Speakers of Languages 1 - Statistics

General Stats
  • This quiz has been taken 49 times
  • The average score is 36 of 40
Answer Stats
Native Speakers Answer % Correct
French 60 647 000 France
100%
German 1 200 000 France
100%
Russian 118 581 514 Russia
100%
Persian 2 025 712 Russia
100%
English 59 323 568 United Kingdom
100%
Russian 6 672 964 Belarus
98%
German 3 340 000 Brazil
98%
Portuguese 203 000 000 Brazil
98%
Mandarin 904 000 000 China
98%
German 67 330 000 Germany
98%
Russian 3 793 800 Kazakhstan
98%
Spanish 129 434 242 Mexico
98%
Mandarin 14 000 000 Taiwan
98%
French 1 194 555 United States
98%
English 244 079 241 United States
98%
Spanish 56 757 391 United States
98%
Portuguese 1 154 577 United States
98%
Spanish 51 609 474 Colombia
95%
Spanish 36 839 013 Spain
95%
Russian 14 273 670 Ukraine
95%
Spanish 41 440 232 Argentina
93%
German 7 115 780 Austria
93%
French 7 651 360 Canada
93%
English 20 193 335 Canada
93%
Persian 50 568 000 Iran
93%
Portuguese 10 022 070 Portugal
93%
French 1 977 826 Switzerland
91%
German 5 375 560 Switzerland
91%
Portuguese 23 800 000 Angola
86%
French 4 211 000 Belgium
86%
English 18 303 662 Australia
84%
Mandarin 2 000 000 Singapore
84%
Persian 16 650 000 Afghanistan
82%
Russian 720 300 Uzbekistan
82%
Persian 5 684 422 Uzbekistan
82%
Portuguese 5 260 000 Mozambique
77%
Mandarin 1 000 000 Malaysia
75%
English 5 228 301 South Africa
73%
Persian 6 373 834 Tajikistan
64%
Mandarin 989 000 Myanmar
48%
No matching quizzes found
Score Distribution
Percent of People with Each Score
Percentile by Number Answered
Your Score History
You have not taken this quiz